Sports Quiz

Random Sports Quiz

Formula 1 racers Quiz Stats

Quiz not verified by Sporcle

Also try: tv show characters
Challenge
Share
Tweet
Score 0/25 Timer 13:00
0 Plays Today
% Correct
Fernando Alonso
93.8%
Jackie Stewart
92.1%
Jenson Button
92.1%
Sebastain Vettel
91%
Michael Schumacher
90.4%
Alain Prost
90.1%
Niki Lauda
88.7%
David Coulthard
88.7%
Ayrton Senna
86.4%
Kimi Raikkonen
86.4%
Ralf Schumacher
85.9%
Mika Hakkinen
85.3%
Felipe Massa
83.9%
% Correct
Emerson Fittipaldi
81.9%
Damon Hill
79.7%
Lewis Hamilton
76.3%
Striling Moss
73.4%
Nelson Piquet jr
72.9%
Graham Hill
72.9%
Eddie Irvine
72.3%
Heinz-Harald Frentzen
71.8%
Jarno Trulli
62.7%
Mark Webber
56.5%
Johnny Herbert
49.2%
Nigel Mansell
44.1%

You're not logged in!

Compare scores with friends on all Sporcle quizzes.
Join for Free
OR
Log In

You Might Also Like...

Show Comments

Extras

Created Oct 5, 2013ReportNominate
Tags:Formula 1, racer, Slideshow

Top Quizzes Today


Score Distribution

Your Account Isn't Verified!

In order to create a playlist on Sporcle, you need to verify the email address you used during registration. Go to your Sporcle Settings to finish the process.

Report this User

Report this user for behavior that violates our Community Guidelines.

Details: